Catálogo
 En Linea

La ciencia de la sociedad global : (Registro nro. 24761)

Detalles MARC
000 -CABECERA
campo de control de longitud fija 00602nam a2200193 u 4500
001 - NÚMERO DE CONTROL
campo de control 000025268
005 - FECHA Y HORA DE LA ÚLTIMA TRANSACCIÓN
campo de control 20200930023654.0
008 - DATOS DE LONGITUD FIJA--INFORMACIÓN GENERAL
campo de control de longitud fija 110209s1970 ve r 000 | spa d
040 ## - FUENTE DE LA CATALOGACIÓN
Centro catalogador/agencia de origen DO-SdBNP
Lengua de catalogación spa
Centro/agencia transcriptor BNPHU
082 ## - NÚMERO DE LA CLASIFICACIÓN DECIMAL DEWEY
Número de clasificación xxx
Número de documento/Ítem B468c
049 ## - FONDOS LOCALES (OCLC)
Fondos de biblioteca BNGR
100 1# - ENTRADA PRINCIPAL--NOMBRE DE PERSONA
Nombre de persona Benko, François
9 (RLIN) 51775
245 13 - MENCIÓN DE TÍTULO
Título La ciencia de la sociedad global :
Resto del título ensayo sobre el diagnóstico macrosocial /
Mención de responsabilidad, etc. François Benko; prólogo Alfred Sauvy.
260 ## - PUBLICACIÓN, DISTRIBUCIÓN, ETC.
Lugar de publicación, distribución, etc. Caracas :
Nombre del editor, distribuidor, etc. Monte Avila,
Fecha de publicación, distribución, etc. 1970.
300 ## - DESCRIPCIÓN FÍSICA
Extensión 128 p. ;
Dimensiones 19 cm.
490 1# - MENCIÓN DE SERIE
Mención de serie Estudios
700 1# - PUNTO DE ACCESO ADICIONAL--NOMBRE DE PERSONA
Nombre de persona Sauvy , Alfred
Término indicativo de función/relación pról.
9 (RLIN) 51776
830 #0 - PUNTO DE ACCESO ADICIONAL DE SERIE-TÍTULO UNIFORME
Título uniforme Estudios
9 (RLIN) 3854

No hay ítems disponibles.

Con tecnología Koha